000 00288 a2200145 4500
001 178654
020 _a
040 _cMagnum
100 _a-
240 1 0 _aMula sem cabeca
_lpor
245 1 0 _aMula sem cabeca
362 0 _a1899
697 _aMAGNITO: I/LENDAS, FOLCLORE
942 _cBK
999 _c178654
_d178654